MARC Record
Leader
003
BE-GnUNI
007
't'u
035
a| (MSK)314000244
084
a| II.B.202
245
0
0
a| Informations librairie La Proue.
260
a| Brussel :
b| Librairie La Broue.
546
a| Frans
500
a| Tijdschriften
852
4
b| MSK
c| MSK
j| II.B.202
920
a| tijdschrift
001
000044440
005
20241224121705.0